000 00343 a2200169 4500
001 160816
020 _a85-322-0551-8
040 _cMagnum
100 _aPorto, Cristina
240 1 0 _aPara onde vai?
_lpor
245 1 0 _aPara onde vai?
300 _a24
362 0 _a1992
440 1 _aFTD
697 _aLITERATURA INFANTIL
942 _cBK
999 _c160816
_d160816